|
|
|
|
| LEADER |
00000nam a2200000 a 4500 |
| 001 |
vtls001473056 |
| 003 |
SK-MaSNL |
| 005 |
20260425225332.0 |
| 008 |
040415s1996 US b 0 eng |
| 020 |
|
|
|a 0674205197
|
| 035 |
|
|
|a SNK000428358
|
| 040 |
|
|
|a SNK
|b slo
|c SNK
|e AACR2
|
| 044 |
|
|
|a US
|a GB
|
| 072 |
|
7 |
|a 811.111
|2 konspekt
|
| 080 |
|
|
|a 811.111(73)
|2 1981
|
| 080 |
|
|
|a 81`282
|2 1981
|
| 080 |
|
|
|a (031)
|2 1981
|
| 245 |
1 |
|
|a Dictionary of American regional English
|c Frederic G. Cassidy, chief editor
|n Volume III, I-O
|
| 250 |
|
|
|a [1st ed.]
|
| 260 |
|
|
|a Cambridge, MA
|b Belknap Press of Harvard University Press
|c 1996
|
| 300 |
|
|
|a xv, 927 s.
|b mp.
|c 29 cm
|
| 650 |
0 |
7 |
|a americká angličtina
|2 SNK
|9 1259
|
| 650 |
0 |
7 |
|a dialekty
|2 SNK
|9 19030
|
| 650 |
0 |
7 |
|a angličtina
|2 konspekt
|9 1260
|
| 655 |
|
7 |
|a slovníky
|2 SNK
|9 70413
|
| 700 |
1 |
|
|a Cassidy, Frederic G.
|d 1907-
|4 zre
|9 395545
|
| 919 |
|
|
|a 0-674-20519-7
|
| 999 |
|
|
|c 645361
|d 647291
|
| 952 |
|
|
|t snkDIC/3 802.0(031)
|a SNKUST
|b SNKUST
|y PREZ
|7 0
|p 17A0426338
|o snkIB 70680/3
|i snkV 841/2004
|g 40.60
|0 0
|1 0
|4 0
|d 2004-04-15
|l 0
|r 2025-04-28 00:00:00
|w 2026-02-23
|